00886nam a22002537a 45000010005000000030006000050050017000110080041000280200018000690400029000870500015001160820011001311000023001422450055001652500045002202600039002653000054003045050009003585200162003675210020005295210020005496500037005696500026006069823FISKH20260302142559.0260302b cb ||||| |||| 00| 0 eng d a9780439328890 aFISKHbengcFISKHdFISKH aGN293 .W56 a599.97 aWilcox , Charlotte aMummies, bones & body parts /cby Charlotte Wilcox aFirst Scholastic printing , October 2001 aNew York : bScholastic , c2000 . a64 pages : bcolor illustrations ; c20 X 23cm .  aZ  aDescribes the wide variety of human remains, the use and abuse of them, what they reveal about life in the past, and contemporary attitudes toward the dead. 8 a900 bLexile 8 aZ bRaz-Plus  aHistory and LeadersvNon-fiction aMummies vNon-fiction